000
nam a22 7a 4500
999
_c
54047
_d
54047
003
OSt
005
20220728153614.0
008
220728b xxu||||| |||| 00| 0 eng d
040
_c
IIMT UNIVERSITY
100
_a
RAMCHARAN MAHENDDRA
245
_a
AASHA KI NAYI KIRAN
260
_a
GORAKH PUR
_b
GEETA PRESS
300
_a
130
942
_2
ddc
_c
09